<?xml version="1.0" encoding="UTF-8"?>
<collection xmlns="http://www.loc.gov/MARC21/slim">
 <record>
  <leader>00436nam  2200133#c 4500</leader>
  <controlfield tag="001">LC-7410</controlfield>
  <controlfield tag="003">UMA</controlfield>
  <controlfield tag="005">20230415    212444</controlfield>
  <controlfield tag="008">230415suuuu####   ##########||||#0#spa#d</controlfield>
  <datafield tag="336" ind1=" " ind2=" ">
   <subfield code="a">texto</subfield>
  </datafield>
  <datafield tag="337" ind1=" " ind2=" ">
   <subfield code="a">no mediado</subfield>
  </datafield>
  <datafield tag="338" ind1=" " ind2=" ">
   <subfield code="a">volumen</subfield>
  </datafield>
  <datafield tag="245" ind1=" " ind2=" ">
   <subfield code="a">Documentos de trabajo sobre derecho de interés público [CD-ROM]</subfield>
  </datafield>
  <datafield tag="100" ind1=" " ind2=" ">
   <subfield code="a">Universidad de Palermo. Facultad de Derecho. Centro de Estudios de Postgrado. Programa de Derecho de Interés Público</subfield>
  </datafield>
 </record>
</collection>
